The illusion of the end

Αποθηκεύτηκε σε:
Λεπτομέρειες βιβλιογραφικής εγγραφής
Κύριος συγγραφέας: Baudrillard, Jean, 1929-2007
Άλλοι συγγραφείς: Turner, Chris, 1953- (Μεταφραστής)
Μορφή: Βιβλίο
Γλώσσα:English
French
Δημοσίευση: Cambridge : Polity Press, 1995.
Θέματα:
Ετικέτες: Προσθήκη ετικέτας
Δεν υπάρχουν, Καταχωρήστε ετικέτα πρώτοι!

MARC

LEADER 00000cam a2200000 i 4500
001 1/64976
008 990107s1995 enk| ||| |||| ||eng||
020 |a 0745612229 
035 |l 10047056 
040 |a GR-MyUA  |b gre  |e AACR2 
041 1 |a eng  |h fre 
082 0 |a 909.829 
100 1 |a Baudrillard, Jean,   |d 1929-2007. 
245 1 4 |a The illusion of the end /   |c Baudrillard Jean ; translated by Turner Chris.  
260 |a Cambridge :   |b Polity Press,   |c 1995.  
300 |a 123 σ.  
500 |a Τίτλος πρωτοτύπου: L'illusion de la fin.  
650 0 0 |a World politics  |y 1989- 
650 0 0 |a Political sociology. 
650 0 0 |a End of the world  |x Political aspects. 
650 0 0 |a History  |x Philosophy. 
650 0 0 |a World politics  |y 20th century. 
700 1 |a Turner, Chris,   |d 1953-  |e trl 
852 |a INST  |b LESVOS  |e 19990107  |h 909.829 BAU  |p 005100017260  |q 005100017260  |t BK  |y 0 
909 |a Λ  |b 061432 
922 |a 1ΕΛΗ  |b 199811  |c ΚΠΣ/103  |d ΠΑΠΑΣΩΤΗΡΙΟΥ 
950 |a 103-1998-07-27